| 000 | 00762nam a22002297a 4500 | ||
|---|---|---|---|
| 999 |
_c2662 _d2662 |
||
| 003 | AR-CdUCM | ||
| 008 | 190305b ||||| |||| 00| 0 spa d | ||
| 040 |
_aMUNICIPALIDAD PROVINCIAL DEL CUSCO _cBIBLIOTECA MUNICIPAL DEL CUSCO |
||
| 082 |
_a869.56 / _bH44D |
||
| 100 |
_aHerrera de los Angeles, Orfelinda I. _99365 |
||
| 245 | _aDimesión sencilla / | ||
| 260 |
_aIca : _bPanta, _c1964. |
||
| 300 |
_a22 Páginas ; _c21 cm. |
||
| 505 | _aContenido: Dimensión sencilla -- El color que no hay inventado -- Denuncia -- fragmentos urbanos -- Sin voz -- La madre pobre -- Búsqueda... | ||
| 650 |
_aPoesía peruana _9806 |
||
| 650 |
_aIca _99366 |
||
| 650 |
_aAmor _9905 |
||
| 650 |
_aPaz _9757 |
||
| 650 |
_aMadre _95235 |
||
| 942 |
_2ddc _cLIBROS |
||
| 945 | _adavv | ||